000 00440nab a2200145Ia 4500
003 ES-SlBCS
005 20210601125204.0
008 140529s1983 xxu||||| |||| 00| 0 eng d
041 _aeng
100 1 _aAckermann, Robert
_9155062
245 0 0 _aMethodology and Economics
_c Robert Ackermann
650 0 4 _aEconomía-Metodología
_9155063
773 0 _tPhilosophical Forum (The)
_gvol. 14, nº. 2-4, 1983, págs. 389-402
_wRev833
942 _cAR
999 _c526203
_d526203